| 000 | 00659nam a2200145Ia 4500 | ||
|---|---|---|---|
| 008 | 220216s9999 xx 000 0 und d | ||
| 100 |
_aLam Lai Van _cet al |
||
| 245 | 0 | _aGenetic variability of the Hevea WA hybrids derived from five controlled-pollinated crosses determined by RAPD analysis | |
| 260 | _bClimate Change, Low Carbon Economy and Sustainable Natural Rubber Industry: Preprints of Proceedings of IRRDB International Rubber Conference 2010, 18-19 October 2010 Sanya, Hainan, China, pp. 383-394. | ||
| 650 | _aGenetic relationship | ||
| 650 | _aGenetic variability | ||
| 650 | _aRAPD markers | ||
| 650 | _aWickham x Amazon hybrids | ||
| 942 | _cJS | ||
| 999 |
_c59883 _d59883 |
||